Formuła 1 - składy zespołów 2001 - Statystyki

Ogólne statystyki
  • Ten quiz został rozwiązany 33 razy
  • Średni wynik to 17 z 29
Statystyki odpowiedzi
Zespół Kraj Zawodnik Rundy % Poprawnych
Ferrari Niemcy Michael Schumacher
100%
Williams Niemcy Ralf Schumacher
100%
McLaren Finlandia Mika Hakkinen
96%
Brazylia Rubens Barrichello
96%
Minardi Hiszpania Fernando Alonso
89%
Sauber Finlandia Kimi Raikkonen
89%
W.Brytania David Coulthard
85%
Kolumbia Juan Pablo Montoya
85%
Kanada Jacques Villeneuve
78%
Jordan Włochy Jarno Trulli
78%
Arrows Holandia Jos Verstappen
78%
Benetton Włochy Giancarlo Fisichella
74%
Niemcy Nick Heidfeld
70%
BAR Francja Olivier Panis
63%
Niemcy Heinz-Harald Frentzen 1-7, 9-11
59%
Niemcy Heinz-Harald Frentzen 13-17
59%
W.Brytania Jenson Button
56%
Francja Jean Alesi 13-17
52%
Prost Francja Jean Alesi 1-12
52%
Malezja Alex Yoong 15-17
48%
Jaguar W.Brytania Eddie Irvine
44%
Czechy Tomas Enge 15-17
41%
Hiszpania Pedro de la Rosa 5-17
37%
Brazylia Enrique Bernoldi
19%
Argentyna Gaston Mazzacane 1-4
19%
Brazylia Ricardo Zonta 8, 12
19%
Brazylia Luciano Burti 1-4
15%
Brazylia Luciano Burti 5-14
15%
Brazylia Tarso Marques 1-14
15%
Nie znaleziono quizów pasujących do podanych kryteriów
Rozkład punktacji
Procent ludzi z każdym wynikiem
Percentyl według liczby udzielonych odpowiedzi
Twoja historia wyników
Nie rozwiązałeś tego quizu